000 00890nam a2200277Ia 4500
003 OSt
005 20220927105757.0
006 a|||||r|||| 00| 0
007 ta
008 220926b |||||||| |||| 00| 0 eng d
020 _a041528421x
024 _a202991
037 _cReference Collections
040 _aRTL
_cRTL
_beng
041 _2eng
_aeng
082 _a"XM5:8, P3"
100 _aBALMER John M T
_9374980
245 0 _aRevealing the corporation
_b" Perspectives on identity, image, reputation. corporate branding, and corporate-level- marketing"
260 _a"London,"
_b"Routledge, "
_c2003
300 _axviii. 365p
_ccm.
490 _aReligion and Citizenship
500 _aBibliography chapterwise
700 _a GREYSER Stephen A
_9358294
942 _h"XM5:8, P3"
_cCC
999 _c694618
_d694618